000 00896cam a2200241 4500
008 090401t1992 xxu||||| |||| 00| 0 eng d
020 _a021693141X
035 _a(Sirsi) u61693
041 _aeng
050 _a690.2
_c18
245 _aMonitoring building structures
260 _aGlasgow
_bBlackie
_c1992
300 _axi,155p.
_bill.
_c23cm.
350 _a49
520 _aAimed at engineers who are required to make recommendations in respect of the safety and servicability of buildings. Includes chapters on surveying techniques, photogrammetry, dynamic testing and automatic and autonomous monitoring techniques.
650 _aBUILT ENVIRONMENT-CONSTRUCTION DESIGN
650 _aBUILDING FAILURES
650 _aBUILT ENVIRONMENT-BUILDING SURVEYING-STRUCTURAL SURVEYING
690 _aBUILT ENVIRONMENT
700 _aMoore, J. F. A.
_xEditor
942 _n0
948 _c04/03/1997
999 _c94336
_d94336